Giải pháp thực hiện xã hội hoá công tác giáo dục của ngành học mầm non trên địa bàn quận Thanh Khê thành phố Đà Nẵng

aTrên cơ sở nghiên cứu về lý luận và thực trạng của xã hội học công tác giáo dục, xã hội học công tác giáo dục của ngành học mầm non nói chung, ở quận Thanh Khê nói riêng, đề xuất những giải pháp có tính khả thi về xã hội học công tác giáo dục của ngành học mầm non để góp phần phát huy vai trò của c...

Descrizione completa

Salvato in:
Dettagli Bibliografici
Autore principale: Võ Ngọc Hoa
Altri autori: Đậu Thị Hòa TS (Hướng dẫn)
Natura: Libro
Lingua:Vietnamese
Pubblicazione: Đà Nẵng Đại học Đà Nẵng 2005
Soggetti:
Tags: Aggiungi Tag
Nessun Tag, puoi essere il primo ad aggiungerne! !
Thư viện lưu trữ: Mạng thư viện Đại học Đà Nẵng
LEADER 02213nam a2200349 4500
001 000010709
003 6921
005 20111219151257.0
008 111219s2005 viesd
041 |a vie 
072 |a Luận văn Thạc sĩ Khoa học Giáo dục 
082 |a 372.218  |b VO-H 
100 |a Võ Ngọc Hoa 
245 |a Giải pháp thực hiện xã hội hoá công tác giáo dục của ngành học mầm non trên địa bàn quận Thanh Khê thành phố Đà Nẵng  |c Võ Ngọc Hoa thực hiện; Đậu Thị Hoà hướng dẫn 
260 |a Đà Nẵng  |b Đại học Đà Nẵng  |c 2005 
300 |a 99tr.  |c 29 cm 
500 |a Luận văn Thạc sĩ Khoa học Giáo dục. Chuyên ngành: Quản lý Giáo dục. Mã số: 60.14.05 
520 |a aTrên cơ sở nghiên cứu về lý luận và thực trạng của xã hội học công tác giáo dục, xã hội học công tác giáo dục của ngành học mầm non nói chung, ở quận Thanh Khê nói riêng, đề xuất những giải pháp có tính khả thi về xã hội học công tác giáo dục của ngành học mầm non để góp phần phát huy vai trò của cộng đồng trong việc thực hiện xã hội học công tác giáo dục của ngành học mầm non nhằm tiếp tục mở rộng quy mô phát triển và nâng cao chất lượng chăm sóc giáo dục trẻ, đáp ứng nhu cầu chuẩn bị về nguồn nhân lực cho công nghiệp hoá, hiện đại hoá ở địa bàn quận Thanh Khê, TP Đà Nẵng. 
653 |a Quản lý Giáo dục 
653 |a Luận văn Thạc sĩ Khoa học Giáo dục 
653 |a Xã hội hóa 
700 |a Đậu Thị Hòa  |c TS  |e Hướng dẫn 
OWN |a LSP 
AVA |a UDN50  |b LSP  |d 372.218 VO-H  |e available  |t Error 5001 Not defined in file expand_doc_bib_avail.  |f 1  |g 0  |h N  |i 0  |k 1 
999 |a From the UDN01 
AVA |a UDN50  |b LSP  |d 372.218 VO-H  |e available  |t Error 5001 Not defined in file expand_doc_bib_avail.  |f 1  |g 0  |h N  |i 0  |k 1 
TYP |a Monograph 
TYP |a Printed language 
980 |a Mạng thư viện Đại học Đà Nẵng